[Event "Rilton Cup 34th"]
[Site "Stockholm"]
[Date "2005.01.03"]
[Round "7"]
[White "Palo, Davor"]
[Black "Khenkin, Igor"]
[Result "0-1"]
[WhiteElo "2526"]
[BlackElo "2587"]
[Annotator "Aagaard,J"]
[PlyCount "68"]
[EventDate "2004.12.27"]
[EventType "swiss"]
[EventRounds "9"]
[EventCountry "SWE"]
[SourceTitle "CBM 104 Extra"]
[Source "ChessBase"]
[SourceDate "2005.03.01"]
[SourceVersion "1"]
[SourceVersionDate "2005.03.01"]
[SourceQuality "1"]

1. d4 d5 2. c4 e6 3. Nf3 Nf6 4. Nc3 c6 5. Bg5 h6 6. Bxf6 Qxf6 7. e3 Nd7 8. Bd3
dxc4 9. Bxc4 g6 10. O-O Qe7 11. Qe2 Bg7 12. Rac1 O-O 13. Rfd1 a6 $1 14. Bb3 {
'?!' Lutz. Lutz: 'Prohylaxe gegen ...b7-b5, aber auf b3 steht der Läufer
schlecht.'} (14. a3 b6 15. e4 Bb7 16. e5 c5 17. d5 b5 18. Ba2 c4 19. Bb1 exd5
20. Nxd5 Bxd5 21. Rxd5 Rfe8 22. Re1 Rad8 23. Qd2 Nxe5 24. Nxe5 Rxd5 25. Qxd5
Bxe5 $17 {0-1 Van Wely,L-Dreev,A/Wijk 1996 (56)}) 14... b6 (14... b5 $2 15. Ne4
{[%csl Rc5] >< c5}) 15. Rd2 (15. e4 Bb7 16. Qe3 c5 17. d5 b5 $5 $15 {Sokolov -
Timman, Amsterdam 1996. Es ist faszinierend, wie schnell Weiß in der Moskauer
Variante schlechter stehen kann. Der Bg7 ist einfach zu stark.}) 15... Bb7 16.
Na4 $6 Rfd8 17. Rdc2 Rab8 18. h3 $6 a5 19. Rd2 c5 $1 20. dxc5 Bxf3 21. Qxf3 b5
$1 22. Nb6 (22. Nc3 $5 Nxc5 23. Rxd8+ Qxd8 $15) 22... Nxc5 23. Rxd8+ Rxd8 24.
Qc6 Nd3 25. Rf1 a4 26. Bd1 Qc5 27. Qxc5 Nxc5 28. b4 Ne4 29. Bf3 Nc3 30. a3 Rd2
31. Ra1 Nd5 32. Nxd5 Bxa1 33. Nc7 Ra2 34. Nxb5 Bb2 0-1

[Event "World Women-ch k.o."]
[Site "Teheran"]
[Date "2017.02.25"]
[Round "6.2"]
[White "Tan, Zhongyi"]
[Black "Muzychuk, Anna"]
[Result "1-0"]
[WhiteElo "2502"]
[BlackElo "2558"]
[Annotator "Aagaard,J"]
[PlyCount "111"]
[EventDate "2017.02.11"]
[EventType "k.o."]
[EventRounds "7"]
[EventCountry "IRI"]
[SourceTitle "CBM 177"]
[Source "ChessBase"]
[SourceDate "2017.03.16"]
[SourceVersion "1"]
[SourceVersionDate "2017.03.16"]
[SourceQuality "1"]

1. d4 d5 2. c4 c6 3. Nf3 Nf6 4. Nc3 e6 5. Qd3 {White is currently struggling
to prove any advantage against the Semi-Slav, so this choice is certainly no
better than any other.} dxc4 {The most commonly played move.} (5... b6 $5 {
is very interesting} 6. cxd5 cxd5 {is probably playable for both sides.}) 6.
Qxc4 b5 7. Qd3 a6 $5 (7... Nbd7 8. e4 b4 {is more theoretical, but I see
nothing wrong with Muzychuk's move.}) 8. e4 c5 {I think this is a
psychologically poor decision by Muzychuk. Tan is a typical Chinese player
with a great technique, who does not really make mistakes or poor decisions.
On the other hand, her games can be a bit uninspiring and it is unlikely you
will see her outplay grandmasters with big strategies, a wild attack or great
opening preparation. But play a few inaccurate moves against her in the
endgame and you are in trouble.} (8... Bb7 {was the flexible choice.} 9. e5
Nfd7 10. a4 c5 $1 11. axb5 axb5 12. Rxa8 Bxa8 {with even chances is just one
possible direction such a game could take.}) 9. dxc5 $1 {This is both the best
move and the one that benefits White's strengths the most.} Bxc5 10. Qxd8+ Kxd8
11. Bd3 Bb7 ({For those interested in opening theory, the best way to equalise
here is} 11... Nbd7 $1 12. O-O Bd6 13. Re1 Ng4 {but there is nothing
spectacularly wrong with what Black played in the game.}) 12. e5 Ng4 $2 {
This is a common pattern in chess. A few inaccurate moves ends with a real
mistake. There are two patterns. A general lack of feeling for the position
that leads to poor decisions, of which one of them is greater than the rest.
Or a bad plan, where everything would be fine if the mistake was not a
mistake, but otherwise would not make sense. I have a feeling that this
belongs to the first category. The move is bad because the knight is somewhat
lost in space after this. It is not going to e5 or f2, which would be one of
the dream directions, but instead to h6, which is an awful square.} (12... Nd5
13. Ne4 Nd7 {would still keep the position more or less in balance.}) 13. Ne4
$5 ({Stockfish 8 comments that} 13. Be4 $1 {is even stronger. But in any case,
the position is unpleasant for Black, even with the move Zhongyi chose.}) 13...
Bb4+ ({I seriously doubt that Muzychuk believed she was about to win material.
But I still think we should have a look at} 13... Bxe4 14. Bxe4 Nxf2 15. Bxa8
Nxh1 16. Bg5+ Kc7 17. b4 $1 Bb6 18. Ke2 Nf2 19. Rc1+ Kd7 20. h3 {and the
knight is trapped. Bh4 is coming.}) 14. Ke2 Nd7 15. Bf4 Nc5 $6 (15... f6 16.
exf6 gxf6 {would be a serious structural concession. But it is only one
weakness and all the black pieces are playing.}) 16. Nxc5 Bxc5 {The position
has clarified somewhat. White has a slight space advantage, mainly through
control of the d6–square, a lead in development, because her king is on the
second rank and it is her move and finally, Black has not managed to solve her
problems with the knight on g4.} 17. Rhc1 $1 Bb6 18. Ng5 $1 {Tan reacts with
great active moves.} Ke7 (18... Kd7 $5 {is perhaps marginally better, but this
is not a very human move.}) 19. Be4 Bxe4 20. Nxe4 Rhc8 21. f3 Nh6 22. g4 $6 ({
A normal move for a technical player. White prevents the knight from rejoining
the game. But it was stronger to exploit the lead in development with:} 22.
Bg5+ $1 {forcing the king back} Kf8 23. Bxh6 gxh6 24. Nd6 Rd8 25. Kd3 {and
White's position is overwhelming.}) 22... Ng8 23. Nd6 Rxc1 24. Rxc1 Kd7 $6 {
This is either a simple blunder in a difficult position or an attempt to bring
the knight back into the game, at the cost of a pawn.} (24... Kf8 $5 {with a
passive and unpleasant position was probably a better try.}) 25. Nxf7 {When
you can take a pawn, you do it, of course.} Ne7 (25... Rf8 {does not work on
account of} 26. Rd1+ Ke7 27. Nd6 $1 {, which it is possible Muzychuk missed
the first time around.}) 26. Be3 Bxe3 27. Kxe3 Ng6 $6 {This is a big moment
for White. She has won a pawn and if she manages to fend off the counterplay,
she will simply win the game.Tan spent four and a half minutes on this, but
did not manage to solve the problem.} ({Black is also in a bad way after} 27...
Nd5+ 28. Kd4 Rf8 29. Ng5 Rf4+ 30. Ne4 {, where she cannot take on f3:} Rxf3 $2
31. Nc5+ Ke7 32. Nxe6 Kxe6 33. Rc6+ {and the resulting rook endgame is winning
for White. But she could try 30... g5!?, asking White to show how she wants to
progress. White has an extra pawn, but the conversion is non-trivial.}) 28. h4
$2 ({The winning line was} 28. Ke4 $1 Rf8 29. Ng5 Rf4+ 30. Ke3 {Black has to
do something before the knight goes to h3.} Ra4 31. Rd1+ Ke7 32. Rd6 {White is
winning. For example:} Nf4 33. b3 Ng2+ 34. Kf2 Rxa2+ 35. Kg3 {and damage will
happen briefly.}) (28. f4 $5 {also works.} Nxf4 (28... Rf8 29. f5 {sort of
transposes, except the h7-pawn is on g6.}) 29. Kxf4 Rf8 30. Rd1+ Ke7 31. Rd6
Rxf7+ 32. Ke3 {and the rook endgame appears to be winning for White, although
the margin is not immense.}) 28... Rf8 $2 {Muzychuk misses her chance to
create resistance. At the moment the game is going from bad, to worse, to
awful, to "get out of my way, I need to leave this place" for Black. She must
have been on the lookout for a chance to change this narrative. Here it was:} (
28... Nxh4 29. Rh1 Ng2+ $1 (29... Nxf3 {would have been worth contemplating
for the human eye, had it seen it. White is better after} 30. Rh3 $1 Ne1 31.
Rxh7 Rc8 32. Rxg7 Rc2 {but things can still go wrong.}) 30. Kf2 Ke7 $1 {
This is, of course, the key move.} 31. Nd6 $1 {It turns out this is the only
way for White to keep some advantage.} (31. Ng5 $6 h6 $1 {is funny. Black
continues to harass the white knight.}) (31. Kxg2 Kxf7 32. Rxh7 {also does not
win. Black has} Rd8 33. Kg3 Rd5 34. f4 Rd3+ {(therefore not in the c-file)} 35.
Kh4 Rd2 {and Black has enough counterplay to make a draw.}) 31... Nf4 32. Rxh7
Nd3+ 33. Kg3 Nxe5 34. Ne4 {Black should make a draw with decent play.}) 29. h5
$1 Ne7 (29... Rxf7 30. hxg6 hxg6 31. Rd1+ Ke7 32. Rd6 {and White wins.}) 30.
Ng5 Nd5+ 31. Kf2 h6 32. Ne4 Ra8 (32... Nf4 33. Rc3 {and White keeps control.})
33. a3 a5 {The position has clarified and White has an extra pawn for nothing.
What follows is a perfect display of technique from Tan Zhongyi.} 34. Nc3 $1 {
The exchange of knights will make everything simpler. The basic idea in
endgames is to exchange pieces if you are material up and pawns if you are
material down.} Rc8 35. Rd1 Ke7 36. Nxd5+ {Played rather quickly. Tan knew she
was winning.} exd5 37. Rxd5 Rc2+ 38. Ke3 Rxb2 39. Ke4 a4 40. f4 Rb1 41. Kf5 Rb3
42. Rc5 Kd7 43. Kg6 b4 44. axb4 Rxb4 45. Kf5 Ke7 46. Rc7+ Kf8 47. Ra7 Kg8 48.
g5 hxg5 49. fxg5 Rb6 50. Rxa4 g6+ 51. hxg6 Rb1 52. Ra8+ Kg7 53. Ra7+ Kg8 54. g7
Rf1+ 55. Kg6 Ra1 $5 {Just asking!} 56. Rf7 {There will be no stalemate, so
Black resigned.} 1-0

[Event "Morelia/Linares 25th"]
[Site "Morelia/Linares"]
[Date "2008.02.17"]
[Round "3"]
[White "Carlsen, Magnus"]
[Black "Anand, Viswanathan"]
[Result "0-1"]
[WhiteElo "2733"]
[BlackElo "2799"]
[Annotator "Anand,V"]
[PlyCount "118"]
[EventDate "2008.02.15"]
[EventType "tourn"]
[EventRounds "14"]
[EventCountry "ESP"]
[EventCategory "21"]
[SourceTitle "CBM 123"]
[Source "ChessBase"]
[SourceDate "2008.04.02"]
[SourceVersion "1"]
[SourceVersionDate "2008.04.02"]
[SourceQuality "1"]

1. d4 d5 2. c4 c6 3. Nf3 Nf6 4. Nc3 e6 5. Bg5 h6 6. Bh4 dxc4 7. e4 g5 8. Bg3 b5
9. Ne5 h5 10. f3 {A relatively rare move. Ein relative seltener Zug.} h4 11.
Bf2 Bb7 12. Be2 Nbd7 13. Nxd7 Nxd7 14. O-O (14. e5 c5 15. Nxb5 Qa5+ {Possible
since White hasn't castled. Möglich, da Weiß nicht rochiert hat.} 16. Nc3 h3 {
looks rather unpleasant for White. sieht ziemlich unangenehm für Weiß aus.})
14... e5 $1 {Now White was threatening e5 and Ne4. Black has equalized, so
White should look for an improvement earlier. Nun drohte Weiß e5 und Ne4.
Schwarz hat ausgeglichen, daher sollte der Anziehende vorher nach einer
Verbesserung suchen.} 15. a4 a6 16. d5 Rh6 {Inspired by Paco Vallejo's rook
against Topalov from Morelia 2006. Black is not really looking at castling
kingside, and the rook is incredibly useful on the 6th rank. Inspiriert durch
Paco Vallejos Turm gegen Topalov aus dem Turnier Morelia 2006. Die kurze
Rochade hat Schwarz nicht wirklich auf dem Plan, und der Turm ist unglaublich
nützlich auf der 6. Reihe.} 17. dxc6 Bxc6 18. axb5 axb5 19. Rxa8 Qxa8 {The
problem for White is that Black has so much space especially in the kingside
where White needs f4 to get things going. Das Problem für Weiß ist, dass
Schwarz so viel Raum hat, vor allem am Königsflügel, wo Weiß f4 braucht, um
die Dinge in Gang zu bekommen.} 20. Qc1 Rg6 21. Rd1 Bc5 22. Bxc5 Nxc5 23. Qe3
Nb3 $6 (23... Ne6 $1 {The other route to get to d4, but allows White the
possibility of b3 which I hoped to avoid The other route to get to d4, but
allows White the possibility of b3 which I hoped to avoid} 24. b3 (24. Nd5 Kf8
25. b3 cxb3 26. Qxb3 Nd4) 24... b4 $1 (24... cxb3 25. Nxb5 Qa2 {Not a very
human move to make. Kein besonders menschlicher Zug.} 26. Nd6+ Kf8 27. Nf5 (27.
Bc4 Nf4) 27... h3 28. gxh3 b2 29. Qb6 Be8 30. Qb4+ Kg8 31. Ne7+ Kh7 32. Nxg6
Kxg6) 25. Nd5 cxb3 26. Qxb3 Qb7 {and it seems White can't take the b4 pawn:
und es scheint, als könnte Weiß den Bauern b4 nicht nehmen:} 27. Nxb4 (27. Bc4
Nd4 28. Qe3 Qa7 29. Kh1 Qa3 30. Qd2 h3 $1) 27... Nd4 $17) 24. Qb6 (24. f4 $1 {
Shipov suggested this move and it does seem to hold. Shipov suggested this
move and it does seem to hold.} gxf4 (24... exf4 25. Qb6 h3 26. Bh5 Rh6 27.
Bxf7+ Kxf7 28. Qc7+ Ke8 29. Qe5+ Kf8 30. Qf5+ Kg7 31. Qxg5+ Rg6 32. Qe7+ $11)
25. Qh3 Qa7+ (25... Kf8 26. Qxh4 Kg7 $4 27. Rd8 $1) (25... b4 26. Bh5 (26. Nd5
Bxd5 27. exd5 Nd4) 26... Nd4 27. Bxg6 fxg6 28. Rxd4 exd4 29. Qe6+ {seems to be
a draw. scheint remis zu sein.}) 26. Kh1 Nd4 27. Qxh4 Qc7 (27... Qe7 28. Qh8+
Kd7 29. Bh5 $1 (29. Ra1 Qg5 $1 30. Ra7+ Ke6 31. Qc8+ Kf6 32. Qh8+ Rg7 33. Qd8+
Kg6) 29... Qf6 30. Qb8 Rg5 31. Ra1 Rxh5 32. Ra7+ Ke6 33. Qc8+ Kd6 34. Qf8+ Ke6
$11) 28. Bh5 (28. Qh8+ Ke7 29. Qh4+ Rf6 (29... Kf8 30. Qh8+ Rg8 31. Qh6+ {
with enough compensation. mit genug Kompensation.}) 30. Bg4) 28... Rg7 29. Bg4
{followed by Ra1 seems to give White enough play. nebst Ra1 scheint Weiß genug
Spiel zu geben.}) (24. Nd5 Kf8) 24... Nd4 {Now White has little choice but to
enter the endgame. Nun bleibt Weiß kaum etwas anderes, als ins Endspiel
überzugehen.} 25. Rxd4 exd4 26. Nxb5 (26. Qxd4 Qd8 27. Qh8+ (27. Nxb5 Bxb5 28.
Qe5+ Kf8 29. Qxb5 Qb6+ {transposes to the game. führt zur Partie.}) 27... Kd7)
26... Bxb5 27. Qxb5+ Qc6 28. Qe5+ Re6 (28... Qe6 29. Qb8+ Ke7 30. Qa7+ Kf8) 29.
Qxd4 (29. Qb8+ Ke7 30. Qa7+ Kf8 31. Qxd4 Qb6 {comes to the same thing. läuft
auf dasselbe hinaus.}) 29... Qb6 30. Qxb6 Rxb6 31. Bxc4 Rxb2 {Black needs to
keep the king on the first rank. Schwarz muss den König auf der ersten Reihe
halten.} 32. g3 (32. Kf1 Ke7 33. Be2 Kd6 34. Kf2 Kc5 35. Ke3 Rb1 36. g3 (36.
Bd3 Rh1 37. Kf2 f6 38. Bf1 Kd4 $19) 36... Rh1 $17) 32... f6 (32... Ke7 33. gxh4
(33. e5 Rc2 34. Bb3 (34. Bd3 Rc3 35. Be2 Ke6) 34... Re2 $1) 33... gxh4 34. f4
f6 35. e5 Rd2 $1 {This excellent move takes away d5 and d3 from the white
bishop. Dieser hervorragende Zug nimmt dem dem weißen Läufer d5 und d3.} (35...
Rb4 36. exf6+ Kxf6 37. Ba6 Kf5 38. Kg2 $1 Kxf4 39. Bc8 $11) (35... f5 36. Bd3
$1 Ke6 37. Bc4+ $11) 36. Bg8 (36. Kh1 f5 37. Ba6 Rd4 38. Kg2 Rxf4 39. Bc8 Kf7
$19) 36... h3 $1) 33. Be6 Ke7 34. Bg4 (34. Bf5 Kd6 35. gxh4 gxh4 36. f4 Re2 $1
{again the key. wieder der Schlüssel.}) (34. Bh3 Kd6 35. gxh4 gxh4 36. f4 Re2
37. Bg2 Kc5 38. Kf1 Rb2 39. e5 f5 40. Bh3 Rb4 41. Ke2 Rxf4 42. Ke3 Re4+ 43. Kf3
Rxe5 44. Kf4 Re2 45. Kxf5 Kd5 46. Kg4 Ke4 47. Kxh4 Kf4 $1) 34... Re2 $3 (34...
Kd6 35. gxh4 gxh4 36. f4 Rd2 37. Bh3 Kc5 38. e5 Rd4 39. exf6 Rxf4 40. Kg2 {
Once the king escapes from the first rank, its a draw. Wenn der König einmal
von der ersten Reihe wegkommt, ist es remis.} Rxf6 41. Bc8 $11) 35. gxh4 gxh4
36. h3 {Now a fortress is no longer possible, so Black wins. Nun ist eine
Festung nicht länger möglich, also gewinnt Schwarz.} Kd6 37. Kf1 Rb2 38. f4 Kc5
39. e5 Rb4 40. exf6 Rxf4+ 41. Ke2 Kd4 42. Bf3 Rxf6 43. Bb7 Rb6 44. Bc8 (44. Bg2
Rb3) 44... Ke4 45. Bg4 Rb2+ 46. Ke1 Ke3 47. Kf1 Kf4 48. Ke1 Kg3 49. Kf1 Rf2+
50. Ke1 (50. Kg1 Rf7 $1 {wins gewinnt.}) 50... Rf4 51. Bc8 Rf8 52. Bg4 Kg2 53.
Ke2 Re8+ 54. Kd3 Kf2 55. Bf5 Re3+ 56. Kd4 Kf3 57. Bg4+ Kf4 58. Kd5 Re5+ 59. Kd4
Rg5 (59... Rg5 60. Be6 Rg6 61. Bc8 Rd6+ 62. Kc5 Rd2 {Now the king is far
enough. Nun steht der König weit genug weg.} 63. Bg4 Kg3 64. Bf5 Rh2 65. Kd4
Rxh3 {wins. gewinnt.}) 0-1

[Event "FIDE-Wch k.o."]
[Site "Groningen"]
[Date "1997.12.11"]
[Round "2.1"]
[White "Nikolic, Predrag"]
[Black "Anand, Viswanathan"]
[Result "0-1"]
[WhiteElo "2630"]
[BlackElo "2765"]
[Annotator "Anand,V"]
[PlyCount "72"]
[EventDate "1997.12.09"]
[EventType "k.o."]
[EventRounds "7"]
[EventCountry "NED"]
[SourceTitle "CBM 063"]
[Source "ChessBase"]
[SourceDate "1998.03.26"]
[SourceVersion "1"]
[SourceVersionDate "1998.03.26"]
[SourceQuality "1"]

1. d4 {Lutz Ftacnik} d5 2. c4 c6 3. Nc3 Nf6 4. Nf3 e6 5. Bg5 {Gegen Anand wagt
Karpov diesen Zug, weil er nicht mit dem Botvinniksystem 5...dxc4 rechnen muß.}
h6 6. Bxf6 Qxf6 7. e3 Nd7 8. Bd3 dxc4 9. Bxc4 g6 10. O-O Bg7 11. b4 O-O 12. Rc1
Qe7 13. Qb3 Nb6 {Ftacnik: Anand comes with a new defensive concept. Black
refrains from e6-e5 push and tries instead to finish development and generate
pressure on the queenside. Eine neue Idee. Schwarz stellt den Springer nach d5
und den Läufer nach e8. Mit 13...b6 ist Schwarz allerdings auch nicht schlecht
gefahren.} (13... Rd8) (13... b6 {Lutz} 14. a3 (14. Bd3 Bb7 15. Nd2 Rfd8 16.
Be4 Nf6 17. Bf3 Nd5 18. Nxd5 cxd5 19. Rc2 Bf8 20. b5 Rdc8 21. Rfc1 Qa3 22. Rxc8
Rxc8 23. Rxc8 Bxc8 24. Qxa3 Bxa3 25. Be2 f6 $15 {0-1 Bellon Lopez,J-Chernin,A/
Osterskars op 1995 (73)}) (14. b5 c5 15. d5 Bxc3 16. dxe6 Bg7 17. exd7 Bxd7 18.
Rfd1 Rad8 19. Rd2 Bg4 {1/2-1/2 Ionov,S-Novikov,I/RUS-Cup1 Chigorin-mem 1996})
14... Bb7 15. e4 Rab8 16. Rfe1 Rfe8 17. Rcd1 a6 18. Bf1 c5 19. d5 b5 20. d6 Qd8
21. bxc5 Rc8 22. a4 Nxc5 23. Qa3 Qa5 $17 {0-1 Van Wely,L-Huzman,A/Amsterdam
Donner 1995 (49)}) 14. Bd3 (14. Ne4 $5 Nxc4 (14... Nd5 15. b5) 15. Qxc4 {
/\ Ne5+/=} b6 $140 16. Qxc6 Bb7 17. Qd6 $1) 14... Rd8 15. Ne4 (15. Rfd1 {
Lutz Ftacnik} Nd5 16. Nxd5 exd5 17. b5 Bd7 $11) 15... Nd5 16. a3 (16. b5 Bd7)
16... Bd7 17. Nc5 Be8 18. Bb1 $6 {Dieser Läufer wird keinen Zug mehr machen.} (
18. Rfd1 {/\ Bf1}) (18. e4 $6 {Lutz Ftacnik} Nf4 $15) 18... b6 19. Nd3 a5 $1 {
ץb1} 20. Rc4 (20. bxa5 {Lutz Ftacnik} Rxa5 21. Nb4 Nxb4 22. axb4 Rb5 23. Rc4
Bf8 $1 $17) 20... axb4 21. axb4 Rdb8 $1 {/\ c5 Ftacnik: Black pieces are very
harmonious and the unbelievable c6-c5 manouvre is suddenly the theme of the
day.} 22. e4 {Unter den gegebenen Umständen zu optimistisch. Der Bb1 wird
eingesperrt, und der Bg7 erwacht dank des schwachen Pd4 zum Leben.} (22. Rfc1
c5 $1 23. bxc5 (23. dxc5 Ba4 $17) 23... bxc5 24. Qd1 $15 (24. Qc2 {Lutz} cxd4
25. Nxd4 e5 $15)) (22. Nde5 {Lutz Ftacnik} c5 $1 23. b5 Nb4 $17) (22. Nfe5 {
Lutz Ftacnik} c5 $1) 22... Nc7 {/\ ...Nb5 ; >< a3, d4} 23. Rfc1 Nb5 24. Nde5 (
24. e5 $5 {Lutz hätte den Schaden noch in Grenzen gehalten.}) (24. Nf4 {
Lutz Ftacnik} Rd8 25. Ne2 Na3 26. R4c3 Nxb1 27. Qxb1 Bd7 $15) 24... Rd8 25.
Nxc6 $2 (25. Qb2 $1) (25. Qe3 $5 {Lutz Ftacnik} Ra3 26. Bd3 Qa7 27. Nxc6 Bxc6
28. Rxc6 Nxd4 29. Rc7 Qa4 $15) 25... Bxc6 26. Rxc6 Ra3 $1 (26... Nxd4 27. Nxd4
Bxd4 $15) 27. Qc4 (27. Qb2 Rxf3 28. gxf3 Nxd4 $19 (28... Nxd4 {Lutz} 29. Qa3
Nxc6 30. Rxc6 Rd1+ 31. Kg2 Qg5+ 32. Kh3 Rg1 $19)) (27. Qc2 {Lutz Ftacnik} Rxf3
$1 28. gxf3 Nxd4 29. Qc4 Nxf3+ 30. Kg2 Ne5 $19) 27... Nxd4 28. Nxd4 Rxd4 {
>< f2, b4} 29. Rc8+ Kh7 30. Qc6 (30. Qc7 {Lutz Ftacnik} Qxc7 31. R8xc7 Rxb4 32.
Bc2 Ra2 $17) 30... Rd2 31. Rc7 Qd8 {Lutz: Befände der weiße e-Bauer sich noch
auf e3, würde sich die weiße Stellung sprunghaft verbessern. So hingegen ist
der Bb1 tot und der Pf2 schwach.} 32. g3 (32. Bc2 {Lutz Ftacnik} Rc3 33. Qxc3
Bxc3 34. Rxc3 Qd4 35. Rf3 Rxc2 $19) 32... Rf3 33. Rf1 Rdxf2 $1 {Ftacnik:
Beautiful way to finish white off with small combination.} (33... Qd4 34. Qc4
Rfxf2 $1 $19) (33... Rc3 {Lutz Ftacnik} 34. Qxc3 Bxc3 35. Rxc3 Qd4 $19) 34.
Rxf2 (34. Bd3 {Lutz Ftacnik} Rxf1+ 35. Bxf1 Qd4+ $19) 34... Qd1+ 35. Kg2 Rxf2+
36. Kxf2 Bd4+ (36... Bd4+ 37. Kg2 Qe2+ 38. Kh3 Qf1+ 39. Kg4 (39. Kh4 {Lutz}
Bf6+ 40. Kg4 h5#) 39... h5+ 40. Kh4 Bf6#) 0-1